El pensamiento crítico en el laberinto del progresismo /

Sábháilte in:
Sonraí bibleagrafaíochta
Príomhchruthaitheoir: Zibechi, Raúl
Formáid: Téacs
Clibeanna: Cuir clib leis
Níl clibeanna ann, Bí ar an gcéad duine le clib a chur leis an taifead seo!

MARC

LEADER 00000 a a2200000 04500
001 44680
003
040
100 |a Zibechi, Raúl  
245 |a El pensamiento crítico en el laberinto del progresismo /  |c Raúl Zibechi  
590 |a DISEMINAR032012  
773 |g volumen12, número30 (2013), páginas 19-24  
999 |c 20094  |d 20094